000 00376nam a22001697a 4500
005 20160903150543.0
008 160903b xxu||||| |||| 00| 0 eng d
020 _a978-81-204-1746-5
041 _aeng
082 _b20937
100 _aSINGH,R.S
_93467
245 _aPLANT DISEASES
260 _bOXFORD
_c2015
300 _a691
650 _aAGRICULTURE
_92837
942 _cBK
999 _c5172
_d5170